|
|
|
|
| LEADER |
00839nnm a2200217 i 4500 |
| 001 |
eta4499 |
| 005 |
20210104152110.0 |
| 008 |
210104s2012 hu o 0|| hun d |
| 040 |
|
|
|a SZTE Elektronikus Tananyag Archívum
|b hun
|
| 041 |
|
|
|a hun
|
| 100 |
1 |
|
|a Kósi Kálmán
|
| 245 |
1 |
0 |
|a Lehetséges vállalati innovációs válaszok a környezeti és társadalmi kihívásokra
|h [elektronikus dokumentum] /
|c Kósi Kálmán
|
| 260 |
|
|
|c 2012
|
| 300 |
|
|
|a 22
|
| 516 |
|
|
|a Presentation
|
| 650 |
|
4 |
|a Társadalomtudományok
|
| 650 |
|
4 |
|a Közgazdasági és gazdálkodástudományok
|
| 695 |
|
|
|a innováció
|
| 700 |
0 |
1 |
|a Harazin Piroska
|e aut
|
| 711 |
|
|
|a Innovációs rendszerek: elmélet politikák és mikroszereplők
|c Szeged, Magyarország
|d 2012. 11. 29-30.
|
| 856 |
4 |
0 |
|u https://eta.bibl.u-szeged.hu/4499/1/2010-0012_45_05.pptx
|z Dokumentum-elérés
|